| 000 | 02424 am a2200673 a 4500 | ||
|---|---|---|---|
| 005 | 20220831133307.0 | ||
| 008 | 100607s2000||||ve a f |||| 001 0 spa d | ||
| 020 | _a9800763325 | ||
| 041 | _aspa | ||
| 092 |
_c616.5 _l67 _sPIQ |
||
| 100 | 1 |
_aPiquero- Martin, Jaime. _91248 |
|
| 245 |
_aAcné : _bManejo racional / _cJaime Piquero- Martín. |
||
| 250 | _a3a ed. revisada, ampliada y actualizada. | ||
| 260 |
_aCaracas [Venezuela] : _bCorpografica, _c2000. |
||
| 300 |
_a377 p. _bil. _c21 cm. |
||
| 500 | _aPiquero-Martín, J. (2000) Acné: manejo racional. (3a ed.) Venezuela: Corpográfica | ||
| 653 | _aAcné | ||
| 653 | _aPapel de las hormonas | ||
| 653 | _aGlándulas sebáceas | ||
| 653 | _aQueratinización folicular | ||
| 653 | _aReceptores retinoides y citosólicos | ||
| 653 | _aMicrobiología de la unidad polisebácea | ||
| 653 | _aRespuesta inflamatoria | ||
| 653 | _aGenes que predisponen al acné | ||
| 653 | _aHistopatología del acné | ||
| 653 | _aCaracterísticas clínicas | ||
| 653 | _aClasificación del acné | ||
| 653 | _aSíndrome SAHA | ||
| 653 | _aAcné inverso | ||
| 653 | _aAcné neonatorum e infantil | ||
| 653 | _aDermatosis aceneiformes | ||
| 653 | _aAcné cosmética | ||
| 653 | _aRosacea y dermatitis perioral | ||
| 653 | _aGeneralidades de la terapia tópica y sistémica | ||
| 653 | _aPaciente con acné terapéuticamente difícil | ||
| 653 | _aImpacto del acné sobre la calidad de vida | ||
| 653 | _aTratamiento del acné en el púber y el prepúber | ||
| 653 | _aFormulación magistral | ||
| 653 | _aUso de cosméticos | ||
| 653 | _aTratamiento de las lesiones residuales | ||
| 653 | _aRetinoides tópicos | ||
| 653 | _aPeróxido de Benzoilo | ||
| 653 | _aAntibióticos tópicos | ||
| 653 | _aAcido azelaico | ||
| 653 | _aAcido glicólico y otros alfa-didroxiácidos | ||
| 653 | _aImportancia del vehículo en la terapia tópica | ||
| 653 | _aNuevos conceptos en terapia tópica | ||
| 653 | _aViejos medicamentos aún vigentes | ||
| 653 | _aResistencia bacteriana a los antibióticos | ||
| 653 | _aAntibióticos sistémicos | ||
| 653 | _aAntiandrógenos | ||
| 653 | _aIsotretinoina | ||
| 653 | _aProcedimientos en consultorio | ||
| 653 | _aUtilidad de las máscaras faciales y jabones | ||
| 653 | _aCriocirugía en acné | ||
| 653 | _aCrioquemoexfoliación en el acné | ||
| 930 | _a1721 | ||
| 942 |
_2ddc _cBK |
||
| 999 |
_c347 _d347 |
||